| 000 | 00969cam a2200253 4500500 | ||
|---|---|---|---|
| 005 | 20260405000226.0 | ||
| 041 | _afre | ||
| 042 | _adc | ||
| 100 | 1 | 0 |
_aNebot, Isadora _eauthor |
| 245 | 0 | 0 | _aPourquoi votre chef a besoin de vous |
| 260 | _c2023. | ||
| 500 | _a100 | ||
| 520 | _aTrès attaché à la pleine souveraineté militaire du pays, le général de Gaulle décide, en mars 1966, du retrait de la France du commandement intégré de l’OTAN. Une décision lourde de conséquences mais qui n’a pas mis en cause l’appartenance de la France à l’Alliance atlantique. | ||
| 690 | _aAutorité | ||
| 690 | _aCompétences | ||
| 690 | _aConfiance en soi | ||
| 690 | _aEntreprise | ||
| 690 | _aÉvaluation | ||
| 690 | _aLeadership | ||
| 690 | _aManagement | ||
| 690 | _aTravail | ||
| 786 | 0 | _nPhilonomist | - | 1 | 2023-01-06 | p. 33-37 | |
| 856 | 4 | 1 | _uhttps://shs.cairn.info/magazine-philonomist-2023-1-page-33?lang=fr&redirect-ssocas=7080 |
| 999 |
_c2034962 _d2034962 |
||